| 000 | 00561nam a2200169 a 4500 | ||
|---|---|---|---|
| 001 | 000037685 | ||
| 005 | 20201002031113.0 | ||
| 008 | 121115s2012 dr 000 0 spa d | ||
| 020 | _a9789945455755 | ||
| 040 |
_aDO-SdBNP _bspa _cBNPHU |
||
| 082 | _axxx | ||
| 245 | 0 | 0 |
_aOtros caminos : _bpropuestas para la crisis de Puerto Rico / _ceditor Ángel Rosa Vélez. |
| 260 |
_aSan Juan, Puerto Rico ; : _bSanto Domingo, _c2012. |
||
| 300 |
_a172 : _bIsla Negra ; _c22 cm. |
||
| 500 | _aIncluye notas al pie de las páginas | ||
| 700 | 1 |
_aRosa Vélez, Ángel, _eed. _964152 |
|
| 999 |
_c37175 _d37175 |
||